Fernando González Gortázar / (Registro nro. 26574)
[ vista simple ]
| 000 -LEADER | |
|---|---|
| fixed length control field | 01358cam a2200373 i 4500 |
| 001 - CONTROL NUMBER | |
| control field | 26574 |
| 003 - CONTROL NUMBER IDENTIFIER | |
| control field | Mx-PuUPA |
| 005 - DATE AND TIME OF LATEST TRANSACTION | |
| control field | 20250410093029.0 |
| 008 - FIXED-LENGTH DATA ELEMENTS--GENERAL INFORMATION | |
| fixed length control field | 140415s1992 xx aeo gr 001 0 spa d |
| 020 ## - INTERNATIONAL STANDARD BOOK NUMBER | |
| International Standard Book Number | 968727932X |
| 020 ## - INTERNATIONAL STANDARD BOOK NUMBER | |
| International Standard Book Number | 970181374X |
| 040 ## - CATALOGING SOURCE | |
| Transcribing agency | Mx-PuUPA |
| Original cataloging agency | Mx-PuUPA |
| Language of cataloging | spa |
| Modifying agency | Mx-PuUPA |
| Description conventions | rda |
| 041 1# - LANGUAGE CODE | |
| Language code of text/sound track or separate title | spa |
| -- | eng |
| 043 ## - GEOGRAPHIC AREA CODE | |
| Geographic area code | n-mx--- |
| 100 1# - MAIN ENTRY--PERSONAL NAME | |
| Personal name | Larrosa, Manuel, |
| 9 (RLIN) | 16794 |
| Relator term | autor |
| 245 10 - TITLE STATEMENT | |
| Title | Fernando González Gortázar / |
| Remainder of title | Manuel Larrosa |
| 264 #1 - PRODUCTION, PUBLICATION, DISTRIBUTION, MANUFACTURE, AND COPYRIGHT NOTICE | |
| Place of production, publication, distribution, manufacture | [lugar de publicación no identificado] : |
| Name of producer, publisher, distributor, manufacturer | Instituto Nacional de Bellas Artes ; |
| -- | Américo Arte Editores, |
| Date of production, publication, distribution, manufacture, or copyright notice | ©1998 |
| 300 ## - PHYSICAL DESCRIPTION | |
| Extent | 273 páginas : |
| Other physical details | ilustraciones, planos, fotografías (principalmente a color) ; |
| Dimensions | 27 cm |
| 336 ## - CONTENT TYPE | |
| Fuente | rdacontent |
| Content type term | texto |
| Content type code | txt |
| 336 ## - CONTENT TYPE | |
| Fuente | rdacontent |
| Content type term | imagen fija |
| Content type code | sti |
| 337 ## - MEDIA TYPE | |
| Source | rdamedia |
| Media type term | sin medio |
| Media type code | n |
| 338 ## - CARRIER TYPE | |
| Source | rdacarrier |
| Carrier type term | volumen |
| Carrier type code | nc |
| 546 ## - LANGUAGE NOTE | |
| Language note | Texto en español e inglés |
| 600 14 - SUBJECT ADDED ENTRY--PERSONAL NAME | |
| Personal name | González Cortázar, Fernando, |
| Chronological subdivision | 1942- |
| 650 #7 - SUBJECT ADDED ENTRY--TOPICAL TERM | |
| Source of heading or term | armarc |
| Topical term or geographic name entry element | Arquitectura |
| Chronological subdivision | Siglo XX |
| 650 #7 - SUBJECT ADDED ENTRY--TOPICAL TERM | |
| Source of heading or term | armarc |
| Topical term or geographic name entry element | Arquitectura moderna |
| Chronological subdivision | Siglo XX |
| 650 #7 - SUBJECT ADDED ENTRY--TOPICAL TERM | |
| Source of heading or term | armarc |
| Topical term or geographic name entry element | Escultura pública |
| General subdivision | México |
| 700 1# - ADDED ENTRY--PERSONAL NAME | |
| Personal name | González Cortázar, Fernando |
| Relator term | autor |
| Date of a work | 1942- |
| 942 ## - ADDED ENTRY ELEMENTS (KOHA) | |
| Source of classification or shelving scheme | Dewey Decimal Classification |
| Koha item type | Libro |
| Classification part | 724.6 |
| Item part | G63 |
| 260 ## - PUBLICATION, DISTRIBUTION, ETC. | |
| Place of publication, distribution, etc. | |
| Name of publisher, distributor, etc. | |
| Date of publication, distribution, etc. | |
| Withdrawn status | Lost status | Source of classification or shelving scheme | Damaged status | Not for loan | Collection code | Home library | Current library | Shelving location | Date acquired | Source of acquisition | Cost, normal purchase price | Total Checkouts | Full call number | Barcode | Date last seen | Cost, replacement price | Price effective from | Koha item type |
|---|---|---|---|---|---|---|---|---|---|---|---|---|---|---|---|---|---|---|
| Dewey Decimal Classification | General | Biblioteca Karol Wojtyla | Biblioteca Karol Wojtyla | Sala general | 01/01/2022 | Donación | 0.00 | 724.6 G63 1998 | 49363 | 05/01/2026 | 0.00 | 03/12/2013 | Libro |